LAUTECH

Alley farming for improving small ruminat productivity in west (Record no. 20956)

MARC details
000 -LEADER
fixed length control field 00289nam a2200097Ia 4500
008 - FIXED-LENGTH DATA ELEMENTS--GENERAL INFORMATION
fixed length control field 120527s9999 xx 000 0 und d
100 ## - MAIN ENTRY--AUTHOR
Author Jabbur,M.A.et al.
245 ## - TITLE STATEMENT
Title Alley farming for improving small ruminat productivity in west
260 ## - PUBLICATION, DISTRIBUTION, ETC. (IMPRINT)
Name of publisher International livestock research
942 ## - ADDED ENTRY ELEMENTS (KOHA)
Item type Books
Holdings
Not for loan Home library Current library Shelving location Date acquired Accen. No. Koha item type
  OLUSEGUN OKE LIBRARY LAUTECH OLUSEGUN OKE LIBRARY LAUTECH   28/05/2012 6462 Books